| 000 | 00665nam a22002057a 4500 | ||
|---|---|---|---|
| 005 | 20240823143402.0 | ||
| 008 | 090826t xxu||||| |||| 00| 0 eng d | ||
| 010 | _aENG-141433 | ||
| 020 |
_c390.00 _a9788192060804 |
||
| 035 | _aEN-124965 | ||
| 037 | _bDBAD | ||
| 082 |
_a657 _21 |
||
| 100 |
_936944 _aPrasad, G. |
||
| 245 |
_aAccounting For Managers/ _cBy G. Prasad |
||
| 250 | _a1 | ||
| 260 |
_bJai Bharat Publishers _aGuntur _c2018 |
||
| 270 |
_a2/18 Brodiepet, Guntur _e522002 _mjp682@yahoo.co.in |
||
| 300 |
_avarious pages _c28cm(pb) |
||
| 942 |
_2ddc _mPRA _cEN _h657 _eI |
||
| 999 |
_c205255 _d205255 |
||